<?xml version="1.0" encoding="UTF-8"?><?xml-stylesheet type="text/xsl" href="static/style.xsl"?><OAI-PMH xmlns="http://www.openarchives.org/OAI/2.0/" xmlns:xsi="http://www.w3.org/2001/XMLSchema-instance" xsi:schemaLocation="http://www.openarchives.org/OAI/2.0/ http://www.openarchives.org/OAI/2.0/OAI-PMH.xsd"><responseDate>2026-04-14T06:12:18Z</responseDate><request verb="GetRecord" identifier="oai:www.recercat.cat:10459.1/72621" metadataPrefix="marc">https://recercat.cat/oai/request</request><GetRecord><record><header><identifier>oai:recercat.cat:10459.1/72621</identifier><datestamp>2024-12-05T21:42:22Z</datestamp><setSpec>com_2072_3622</setSpec><setSpec>col_2072_479130</setSpec></header><metadata><record xmlns="http://www.loc.gov/MARC21/slim" xmlns:dcterms="http://purl.org/dc/terms/" xmlns:xsi="http://www.w3.org/2001/XMLSchema-instance" xmlns:doc="http://www.lyncode.com/xoai" xsi:schemaLocation="http://www.loc.gov/MARC21/slim http://www.loc.gov/standards/marcxml/schema/MARC21slim.xsd">
   <leader>00925njm 22002777a 4500</leader>
   <datafield ind2=" " ind1=" " tag="042">
      <subfield code="a">dc</subfield>
   </datafield>
   <datafield ind2=" " ind1=" " tag="720">
      <subfield code="a">Servià Goixart, Lluís</subfield>
      <subfield code="e">author</subfield>
   </datafield>
   <datafield ind2=" " ind1=" " tag="720">
      <subfield code="a">Llompart-Pou, Juan Antonio</subfield>
      <subfield code="e">author</subfield>
   </datafield>
   <datafield ind2=" " ind1=" " tag="720">
      <subfield code="a">Chico-Fernández, Mario</subfield>
      <subfield code="e">author</subfield>
   </datafield>
   <datafield ind2=" " ind1=" " tag="720">
      <subfield code="a">Montserrat, Neus</subfield>
      <subfield code="e">author</subfield>
   </datafield>
   <datafield ind2=" " ind1=" " tag="720">
      <subfield code="a">Badia Castello, Mariona</subfield>
      <subfield code="e">author</subfield>
   </datafield>
   <datafield ind2=" " ind1=" " tag="720">
      <subfield code="a">Barea-Mendoza, Jesús Abelardo</subfield>
      <subfield code="e">author</subfield>
   </datafield>
   <datafield ind2=" " ind1=" " tag="720">
      <subfield code="a">Ballesteros Sanz, María Ángeles</subfield>
      <subfield code="e">author</subfield>
   </datafield>
   <datafield ind2=" " ind1=" " tag="720">
      <subfield code="a">Trujillano Cabello, Javier</subfield>
      <subfield code="e">author</subfield>
   </datafield>
   <datafield ind2=" " ind1=" " tag="260">
      <subfield code="c">2021-12-22T09:43:56Z</subfield>
   </datafield>
   <datafield ind2=" " ind1=" " tag="260">
      <subfield code="c">2021-12-22T09:43:56Z</subfield>
   </datafield>
   <datafield ind2=" " ind1=" " tag="260">
      <subfield code="c">2021</subfield>
   </datafield>
   <datafield ind2=" " ind1=" " tag="520">
      <subfield code="a">Background : Severity scores are commonly used for outcome adjustment and benchmarking of trauma care provided. No specific models performed only with critically ill patients are available. Our objective was to develop a new score for early mortality prediction in trauma ICU patients.&#xd;
Methods: This is a retrospective study using the Spanish Trauma ICU registry (RETRAUCI) 2015–2019. Patients were divided and analysed into the derivation (2015–2017) and validation sets (2018–2019). We used as candidate variables to be associated with mortality those available in RETRAUCI that could be collected in the first 24 h after ICU admission. Using logistic regression methodology, a simple score (RETRASCORE) was created with points assigned to each selected variable. The performance of the model was carried out according to global measures, discrimination and calibration.&#xd;
Results: The analysis included 9465 patients: derivation set 5976 and validation set 3489. Thirty-day mortality was 12.2%. The predicted probability of 30-day mortality was determined by the following equation: 1/(1 + exp (− y)), where y = 0.598 (Age 50–65) + 1.239 (Age 66–75) + 2.198 (Age > 75) + 0.349 (PRECOAG) + 0.336 (Pre-hospital intubation) + 0.662 (High-risk mechanism) + 0.950 (unilateral mydriasis) + 3.217 (bilateral mydriasis) + 0.841 (Glasgow ≤ 8) + 0.495 (MAIS-Head) − 0.271 (MAIS-Thorax) + 1.148 (Haemodynamic failure) + 0.708 (Respiratory failure) + 0.567 (Coagulopathy) + 0.580 (Mechanical ventilation) + 0.452 (Massive haemorrhage) − 5.432. The AUROC was 0.913 (0.903–0.923) in the derivation set and 0.929 (0.918–0.940) in the validation set.&#xd;
Conclusions: The newly developed RETRASCORE is an early, easy-to-calculate and specific score to predict in-hospital mortality in trauma ICU patients. Although it has achieved adequate internal validation, it must be externally validated.</subfield>
   </datafield>
   <datafield ind2=" " ind1=" " tag="520">
      <subfield code="a">RETRAUCI was supported by a grant for the development of an electronic web-based system awarded to Dr. Chico-Fernández (Fundación Mutua Madrileña, reference number AP117892013).</subfield>
   </datafield>
   <datafield ind1="8" ind2=" " tag="024">
      <subfield code="a">http://hdl.handle.net/10459.1/72621</subfield>
   </datafield>
   <datafield tag="653" ind2=" " ind1=" ">
      <subfield code="a">Trauma and injury severity score</subfield>
   </datafield>
   <datafield tag="653" ind2=" " ind1=" ">
      <subfield code="a">Intensive care unit</subfield>
   </datafield>
   <datafield tag="653" ind2=" " ind1=" ">
      <subfield code="a">Mortality</subfield>
   </datafield>
   <datafield tag="653" ind2=" " ind1=" ">
      <subfield code="a">Prognostic scoring systems</subfield>
   </datafield>
   <datafield ind2="0" ind1="0" tag="245">
      <subfield code="a">Development of a new score for early mortality prediction in trauma ICU patients: RETRASCORE</subfield>
   </datafield>
</record></metadata></record></GetRecord></OAI-PMH>